[Event "2 Bundesliga West 2007/2008"]
[Site "Salzburg"]
[Date "2007.10.06"]
[Round "1"]
[Board "3"]
[White "Gatterer, Florian"]
[Black "Gruber, Michael"]
[Result "1-0"]
[WhiteElo "2301"]
[BlackElo "2146"]
[PlyCount "49"]
[EventDate "2007.10.06"]
[EventType "team"]
[EventRounds "11"]
[EventCountry "AUT"]
[WhiteTeam "Rochade Rum"]
[BlackTeam "Schwaz"]

1.c4 f5 2.g3 Nf6 3.Bg2 g6 4.Nc3 Bg7 5.d3 d6 6.e4 fxe4 7.dxe4 Nc6 8.Nge2 e5 9.O-O
Be6 10.Nd5 Qd7 11.Bg5 Nh5 12.Qd2 h6 13.Be3 O-O-O 14.b4 Kb8 15.a4 g5 16.b5 Ne7
17.Nec3 Nxd5 18.cxd5 Bh3 19.f3 Bf6 20.Qf2 b6 21.Kh1 Rdg8 22.a5 Nf4 23.Bxh3 Qxh3
24.axb6 cxb6 25.Bxb6

[Event "2 Bundesliga West 2007/2008"]
[Site "Salzburg"]
[Date "2007.10.06"]
[Round "1"]
[Board "4"]
[White "Kondrak, Christof"]
[Black "Hengl, Christian"]
[Result "0-1"]
[WhiteElo "2153"]
[BlackElo "2207"]
[PlyCount "66"]
[EventDate "2007.10.06"]
[EventType "team"]
[EventRounds "11"]
[EventCountry "AUT"]
[WhiteTeam "Schwaz"]
[BlackTeam "Rochade Rum"]

1.d4 d5 2.Nf3 Nf6 3.Bf4 c5 4.dxc5 Nc6 5.c3 a5 6.Nd4 Nd7 7.Nxc6 bxc6 8.b4 e5
9.Bc1 d4 10.cxd4 exd4 11.e3 dxe3 12.Bxe3 axb4 13.Bc4 Bxc5 14.Bxc5 Nxc5 15.Qxd8+
Kxd8 16.O-O Be6 17.Nd2 Ke7 18.Rfb1 Rhd8 19.Bxe6 Nxe6 20.Nc4 c5 21.a3 Nd4 22.axb4
Rxa1 23.Rxa1 cxb4 24.f3 Rc8 25.Ra7+ Ke6 26.Nd2 Rc2 27.Ra6+ Kd5 28.Ne4 b3 29.Ra5+
Kc6 30.Ra6+ Kb7 31.Ra1 b2 32.Rf1 Ne2+ 33.Kf2 Nc1+

[Event "2 Bundesliga West 2007/2008"]
[Site "Salzburg"]
[Date "2007.10.06"]
[Round "1"]
[Board "5"]
[White "Jedinger, Andreas"]
[Black "KOell,  Hannes"]
[Result "1/2-1/2"]
[WhiteElo "2178"]
[BlackElo "2119"]
[PlyCount "153"]
[EventDate "2007.10.06"]
[EventType "team"]
[EventRounds "11"]
[EventCountry "AUT"]
[WhiteTeam "Rochade Rum"]
[BlackTeam "Schwaz"]

1.e4 g6 2.d4 Bg7 3.Nf3 c6 4.Nc3 d5 5.h3 Nf6 6.e5 Ne4 7.Nxe4 dxe4 8.Ng5 c5 9.d5
Bxe5 10.Bc4 O-O 11.a4 Qa5+ 12.Kf1 Qc7 13.h4 h5 14.Be2 Bf4 15.g4 Bxc1 16.Qxc1 Qe5
17.gxh5 e3 18.Qxe3 Qxe3 19.fxe3 f6 20.Ne4 gxh5 21.Rg1+ Kh8 22.Nxc5 b6 23.Ne6
Bxe6 24.dxe6 Nc6 25.Rd1 Rad8 26.Kf2 Rxd1 27.Rxd1 Ne5 28.Bxh5 Kg7 29.Be2 f5
30.Rd4 Kf6 31.Bc4 Nxc4 32.Rxc4 Kxe6 33.Rc7 Rd8 34.Ke2 Rh8 35.Rxa7 Rxh4 36.b3 Kd6
37.Rb7 Rb4 38.Kd3 e5 39.Rf7 f4 40.exf4 exf4 41.Rf5 f3 42.Rxf3 Rh4 43.Kc3 Kc6
44.Rf6+ Kb7 45.Rd6 Kc7 46.Rd4 Rh3+ 47.Kb4 Rh5 48.Rg4 Rf5 49.c3 Kc6 50.Rg6+ Kc7
51.Kc4 Rh5 52.b4 Rf5 53.Rg7+ Kb8 54.Rd7 Kc8 55.Rd5 Rf4+ 56.Kb5 Kc7 57.Rh5 Rf6
58.c4 Rg6 59.c5 bxc5 60.Rxc5+ Kb7 61.a5 Rh6 62.Rg5 Rf6 63.Rg7+ Kb8 64.a6 Rf5+
65.Kb6 Rf6+ 66.Ka5 Rf5+ 67.b5 Rh5 68.Rd7 Rg5 69.Kb6 Rg6+ 70.Kc5 Rg5+ 71.Kc6 Rg6+
72.Rd6 Rg8 73.Kb6 Rh8 74.a7+ Ka8 75.Ka6 Rh6 76.Rc6 Rxc6+ 77.bxc6

[Event "2 Bundesliga West 2007/2008"]
[Site "Salzburg"]
[Date "2007.10.06"]
[Round "1"]
[Board "6"]
[White "Streiter, Gerhard"]
[Black "Muehlbacher, Bernhard"]
[Result "0-1"]
[WhiteElo "1926"]
[BlackElo "2134"]
[PlyCount "130"]
[EventDate "2007.10.06"]
[EventType "team"]
[EventRounds "11"]
[EventCountry "AUT"]
[WhiteTeam "Schwaz"]
[BlackTeam "Rochade Rum"]

1.e4 c5 2.Nf3 e6 3.d4 cxd4 4.Nxd4 a6 5.Bd3 Qc7 6.O-O b6 7.Qe2 d6 8.c4 Nf6 9.Nc3
Be7 10.f4 Nbd7 11.Kh1 Bb7 12.f5 e5 13.Nc2 Nc5 14.Bg5 Rc8 15.Bxf6 Bxf6 16.Ne3 Bd8
17.Ncd5 Qb8 18.Bc2 Bc6 19.Rfd1 b5 20.b3 h5 21.Rab1 Rh6 22.b4 Nd7 23.cxb5 axb5
24.Bb3 Nf6 25.Nxf6+ Bxf6 26.Bd5 Bd7 27.Bb3 Bg5 28.Rbc1 Rxc1 29.Rxc1 Qa7 30.Re1
Bxe3 31.Qxe3 Qxe3 32.Rxe3 Bc6 33.Kg1 g6 34.fxg6 Rxg6 35.Kf2 f5 36.exf5 Rxg2+
37.Kf1 Rxh2 38.f6 Rh4 39.f7+ Ke7 40.Rc3 Rf4+ 41.Kg1 Kd7 42.Rg3 Ke7 43.Rc3 Bd7
44.Rc7 h4 45.Bd5 Kd8 46.Ra7 e4 47.Bxe4 Rxf7 48.Bc6 Re7 49.Bd5 Re5 50.Bf3 Rg5+
51.Kh2 Rg3 52.Bg2 Rd3 53.Ra8+ Ke7 54.Rh8 Ra3 55.Bd5 Rd3 56.Rh7+ Kd8 57.Bb3 Rd2+
58.Kg1 h3 59.Rh8+ Kc7 60.Rh7 d5 61.Rh6 Bf5 62.Rh5 Be6 63.Rh7+ Kd6 64.Rh6 Rd4
65.a3 Rd3

[Event "2 Bundesliga West 2007/2008"]
[Site "Salzburg"]
[Date "2007.10.07"]
[Round "2"]
[Board "2"]
[White "Heinzel, Olaf"]
[Black "Dovzik, Juri"]
[Result "1/2-1/2"]
[WhiteElo "2392"]
[BlackElo "2381"]
[PlyCount "102"]
[EventDate "2007.10.06"]
[EventType "team"]
[EventRounds "11"]
[EventCountry "AUT"]
[WhiteTeam "Rochade Rum"]
[BlackTeam "ATSV Ranshofen"]

1.d4 d5 2.Bf4 Nf6 3.Nf3 c5 4.e3 Nc6 5.c3 Qb6 6.Qb3 c4 7.Qc2 Bf5 8.Qc1 h6 9.h3 e6
10.Nbd2 Qd8 11.Be2 b5 12.O-O Bd6 13.Bxd6 Qxd6 14.a4 bxa4 15.Rxa4 Rb8 16.Bd1 O-O
17.b3 cxb3 18.Bxb3 Bd3 19.Re1 Bb5 20.Ra1 Rfc8 21.Qa3 Ne8 22.e4 Qxa3 23.Rxa3 Nc7
24.exd5 exd5 25.Ne5 Re8 26.Ndf3 Nxe5 27.dxe5 a6 28.Nd4 Rb6 29.Raa1 Rd8 30.Rad1
Ne6 31.Nf5 Bc4 32.Bxc4 dxc4 33.Rxd8+ Nxd8 34.Re4 Ne6 35.Rxc4 Rb1+ 36.Kh2 Rc1
37.Nd6 g5 38.g3 a5 39.Ne4 Kg7 40.Ra4 Re1 41.Kg2 h5 42.f3 h4 43.Rxa5 Re2+ 44.Kf1
Rh2 45.gxh4 Rxh3 46.Kf2 Rxh4 47.Kg3 Rh1 48.Ra7 Kg6 49.Nd6 Rh7 50.c4 Nf4 51.Kf2
Nd3+

[Event "2 Bundesliga West 2007/2008"]
[Site "Salzburg"]
[Date "2007.10.07"]
[Round "2"]
[Board "3"]
[White "Webersberger, Johann"]
[Black "Gatterer, Florian"]
[Result "1-0"]
[WhiteElo "2236"]
[BlackElo "2301"]
[PlyCount "171"]
[EventDate "2007.10.06"]
[EventType "team"]
[EventRounds "11"]
[EventCountry "AUT"]
[WhiteTeam "ATSV Ranshofen"]
[BlackTeam "Rochade Rum"]

1.d4 d5 2.Nf3 Nc6 3.g3 Bg4 4.Bg2 Qd7 5.Nc3 O-O-O 6.O-O Bh3 7.Bxh3 Qxh3 8.Ng5 Qf5
9.Qd3 Qxd3 10.cxd3 Nh6 11.Nf3 g6 12.e3 Bg7 13.Ne2 Nf5 14.Bd2 e5 15.dxe5 Nxe5
16.Nxe5 Bxe5 17.Rab1 h5 18.Rfc1 Nh6 19.Bc3 Bxc3 20.Rxc3 h4 21.Nd4 hxg3 22.hxg3
Rd7 23.Kg2 Ng4 24.Nf3 f6 25.d4 Kd8 26.Ra3 a6 27.Rb3 Kc8 28.Rc3 g5 29.Rcc1 Rdh7
30.b4 Rh5 31.Rc5 c6 32.a4 Kd7 33.Rbc1 Ra8 34.b5 axb5 35.axb5 Ra2 36.bxc6+ bxc6
37.R5c2 Rxc2 38.Rxc2 Kc7 39.Kf1 Kd7 40.Ke2 Rh1 41.Ne1 f5 42.Nd3 Rh8 43.Ra2 Rc8
44.Ra7+ Ke6 45.Rg7 Kf6 46.Rd7 Re8 47.Rc7 Re6 48.Nc5 Rd6 49.f3 Nh6 50.Nd7+ Ke6
51.Ne5 Kf6 52.Rh7 Ng8 53.Rf7+ Ke6 54.Rg7 Ne7 55.Rxg5 Rd8 56.Rh5 Rf8 57.Rh7 Rf6
58.Nd3 Kd6 59.Kf2 Rg6 60.Kg2 Re6 61.Kf2 Rg6 62.Nf4 Rg8 63.Rh6+ Kd7 64.Nd3 Rc8
65.Ne5+ Kc7 66.Re6 Kd8 67.Rh6 Kc7 68.g4 fxg4 69.fxg4 Rg8 70.Re6 Rg7 71.Kf3 Kb6
72.Kf4 Kb5 73.g5 c5 74.g6 c4 75.Kg5 Nxg6 76.Rxg6 Rxg6+ 77.Kxg6 Kb4 78.Kf5 Kc3
79.Ke6 Kd2 80.Kxd5 c3 81.Nc4+ Kc1 82.Ke4 Kd1 83.Kd3 c2 84.Nb2+ Kc1 85.Kc3 Kb1
86.Nd3

[Event "2 Bundesliga West 2007/2008"]
[Site "Salzburg"]
[Date "2007.10.07"]
[Round "2"]
[Board "4"]
[White "Hengl, Christian"]
[Black "Bensch, Patrick"]
[Result "1/2-1/2"]
[WhiteElo "2207"]
[BlackElo "2262"]
[PlyCount "121"]
[EventDate "2007.10.06"]
[EventType "team"]
[EventRounds "11"]
[EventCountry "AUT"]
[WhiteTeam "Rochade Rum"]
[BlackTeam "ATSV Ranshofen"]

1.e4 c5 2.Nc3 Nc6 3.g3 g6 4.Bg2 Bg7 5.d3 d6 6.f4 e6 7.Nf3 Nge7 8.O-O O-O 9.Be3
Nd4 10.e5 Rb8 11.Nxd4 cxd4 12.Bxd4 Nc6 13.Be3 dxe5 14.fxe5 Bxe5 15.Kh1 Nd4
16.Qd2 f5 17.Rae1 Qd6 18.Ne2 Bd7 19.c3 Nc6 20.b4 b6 21.Ng1 Rbe8 22.a4 Bf6 23.a5
Ne5 24.Bd4 Bb5 25.Qf4 Bxd3 26.Rf2 Nc4 27.Qxd6 Nxd6 28.Bxf6 Rxf6 29.axb6 axb6
30.Nh3 e5 31.Kg1 Kg7 32.Rd2 Bb5 33.Rd5 Bc6 34.Rdxe5 Rxe5 35.Rxe5 Bxg2 36.Kxg2
Ne4 37.Re7+ Kh6 38.g4 Rc6 39.gxf5 gxf5 40.Nf2 Nxc3 41.Nd3 Ne4 42.Ne5 Rc2+ 43.Kf3
Ng5+ 44.Kg3 Rb2 45.h4 f4+ 46.Kg4 Ne4 47.Re6+ Kg7 48.Rxb6 Nf6+ 49.Kf5 Nd5 50.Rb7+
Kg8 51.b5 Rb3 52.h5 f3 53.h6 Kf8 54.Nxf3 Rxf3+ 55.Ke4 Rh3 56.Kxd5 Rxh6 57.b6 Ke8
58.Kc5 Kd8 59.Rc7 Rg6 60.Rxh7 Kc8 61.Kb5

[Event "2 Bundesliga West 2007/2008"]
[Site "Salzburg"]
[Date "2007.10.07"]
[Round "2"]
[Board "5"]
[White "Ager, Josef"]
[Black "Jedinger, Andreas"]
[Result "0-1"]
[WhiteElo "2213"]
[BlackElo "2178"]
[PlyCount "48"]
[EventDate "2007.10.06"]
[EventType "team"]
[EventRounds "11"]
[EventCountry "AUT"]
[WhiteTeam "ATSV Ranshofen"]
[BlackTeam "Rochade Rum"]

1.c4 e5 2.Nc3 Bb4 3.g3 Bxc3 4.bxc3 Nf6 5.Bg2 O-O 6.c5 d5 7.cxd6 Qxd6 8.Nh3 c5
9.O-O Nc6 10.d3 h6 11.Ba3 Re8 12.e3 Bg4 13.f3 Be6 14.d4 exd4 15.exd4 Qd7 16.Nf4
cxd4 17.Nxe6 Qxe6 18.Qd2 Qe3+ 19.Qxe3 Rxe3 20.Rac1 Nd5 21.Rfe1 Rae8 22.Rxe3 Rxe3
23.c4 Nc3 24.Kf1 Nxa2

[Event "2 Bundesliga West 2007/2008"]
[Site "Salzburg"]
[Date "2007.10.07"]
[Round "2"]
[Board "6"]
[White "Muehlbacher, Bernhard"]
[Black "Hackbarth, Wolfgang"]
[Result "1/2-1/2"]
[WhiteElo "2134"]
[BlackElo "2141"]
[PlyCount "50"]
[EventDate "2007.10.06"]
[EventType "team"]
[EventRounds "11"]
[EventCountry "AUT"]
[WhiteTeam "Rochade Rum"]
[BlackTeam "ATSV Ranshofen"]

1.c4 g6 2.g3 Bg7 3.Bg2 c5 4.Nc3 Nc6 5.e3 e5 6.Nge2 Nge7 7.a3 d6 8.d3 O-O 9.O-O
Rb8 10.Rb1 b6 11.b4 Be6 12.Nd5 Qd7 13.b5 Nd8 14.Nec3 Nxd5 15.Nxd5 Bh3 16.Bd2
Bxg2 17.Kxg2 Ne6 18.f3 f5 19.f4 Rf7 20.a4 Nc7 21.Nxc7 Qxc7 22.a5 Qb7+ 23.Qf3 e4
24.dxe4 fxe4 25.Qd1 d5

[Event "2 Bundesliga West 2007/2008"]
[Site "Salzburg"]
[Date "2007.10.07"]
[Round "2"]
[Board "1"]
[White "FrOewis, Georg"]
[Black "Neuschmied, Siegfried"]
[Result "1-0"]
[WhiteElo "2223"]
[BlackElo "2319"]
[PlyCount "83"]
[EventDate "2007.10.06"]
[EventType "team"]
[EventRounds "11"]
[EventCountry "AUT"]
[WhiteTeam "Lustenau"]
[BlackTeam "WOergl"]

1.e4 c5 2.Nf3 d6 3.Bb5+ Nd7 4.d4 Ngf6 5.O-O Nxe4 6.Qe2 Nef6 7.dxc5 dxc5 8.Rd1 a6
9.Bc4 e6 10.Ng5 Qe7 11.Bf4 Nd5 12.Bxd5 exd5 13.Qf3 Nf6 14.Nc3 Be6 15.Re1 Qd7
16.Qh3 Be7 17.Nxe6 fxe6 18.Rxe6 O-O 19.Rxf6 Qxh3 20.Rxf8+ Rxf8 21.gxh3 Rxf4
22.Nxd5 Re4 23.Nxe7+ Rxe7 24.Rd1 Re2 25.Rd8+ Kf7 26.Rd7+ Kf6 27.Rxb7 Rxc2 28.Kg2
a5 29.a4 h5 30.Rb5 c4 31.Rxh5 g5 32.Rh6+ Ke5 33.Rb6 Kd4 34.Rb5 Re2 35.Kf3 Rc2
36.Rb8 Rc1 37.Rb5 Rc2 38.Kg4 Rxf2 39.Kxg5 Rxh2 40.h4 Rg2+ 41.Kf6 Rh2 42.h5

[Event "2 Bundesliga West 2007/2008"]
[Site "Salzburg"]
[Date "2007.10.07"]
[Round "2"]
[Board "2"]
[White "Blaskowski, Johannes"]
[Black "Hugentobler,  Patrick"]
[Result "1-0"]
[WhiteElo "2328"]
[BlackElo "2274"]
[PlyCount "69"]
[EventDate "2007.10.06"]
[EventType "team"]
[EventRounds "11"]
[EventCountry "AUT"]
[WhiteTeam "WOergl"]
[BlackTeam "Lustenau"]

1.e4 Nf6 2.e5 Nd5 3.Bc4 Nb6 4.Bb3 d5 5.d4 Bf5 6.Ne2 e6 7.Be3 N6d7 8.c4 dxc4
9.Bxc4 Nb6 10.Bb3 Nd5 11.O-O Be7 12.Nbc3 Nxc3 13.Nxc3 h5 14.d5 exd5 15.Bxd5 c6
16.Qf3 Qc8 17.Bb3 Be6 18.Ne4 Bxb3 19.axb3 Qe6 20.Bxa7 Nd7 21.Bd4 O-O 22.Rae1 Qg6
23.Ng3 Bc5 24.Bxc5 Nxc5 25.Nxh5 Ra2 26.Re3 Rfa8 27.Ng3 Rxb2 28.Nf5 Qe6 29.Qf4 g6
30.Nd4 Qe7 31.Rh3 Qf8 32.Nf5 Rxb3 33.Nh6+ Kh7 34.g3 Nd7 35.Nf5+

[Event "2 Bundesliga West 2007/2008"]
[Site "Salzburg"]
[Date "2007.10.07"]
[Round "2"]
[Board "3"]
[White "Bezler, Rainer"]
[Black "Eybl, Alexander"]
[Result "0-1"]
[WhiteElo "2258"]
[BlackElo "2273"]
[PlyCount "142"]
[EventDate "2007.10.06"]
[EventType "team"]
[EventRounds "11"]
[EventCountry "AUT"]
[WhiteTeam "Lustenau"]
[BlackTeam "WOergl"]

1.d4 Nf6 2.c4 e6 3.Nc3 Bb4 4.Qc2 O-O 5.a3 Bxc3+ 6.Qxc3 b5 7.cxb5 c6 8.g3 cxb5
9.Bg2 d5 10.Nf3 Ne4 11.Qd3 b4 12.axb4 Qb6 13.O-O Ba6 14.Qd1 Bb5 15.Ne5 Na6
16.Nd3 Qxd4 17.Be3 Qf6 18.Ra5 Rfb8 19.Qa1 e5 20.f3 Nd6 21.Rxa6 Bxa6 22.Qxa6 Nc4
23.Qxf6 gxf6 24.Bc5 a5 25.bxa5 Rxa5 26.b4 Ra2 27.Re1 Rc2 28.Bh3 Ra8 29.Bd7 Raa2
30.b5 e4 31.fxe4 dxe4 32.Nf4 Ne5 33.Bf5 Rxc5 34.Rb1 Nc4 35.Bd7 Nb6 36.Bc6 f5
37.Rd1 Rb2 38.Nh5 Kf8 39.Rd8+ Ke7 40.Re8+ Kd6 41.Nf4 Na4 42.Rd8+ Ke5 43.Be8 Rc1+
44.Kf2 Nc3 45.Bxf7 Nd1+ 46.Kg2 Ne3+ 47.Kf2 Ng4+ 48.Kg2 Rbb1 49.Bh5 Ne3+ 50.Kh3
Rh1 51.Re8+ Kd6 52.Re6+ Kd7 53.Rh6 Nf1 54.Kh4 Rxh2+ 55.Kg5 Rxb5 56.Rxh7+ Kd6
57.Rh6+ Ke5 58.Rf6 Nxg3 59.Be8 Rb8 60.Bg6 Rg8 61.Ra6 Nxe2 62.Ra5+ Kd4 63.Ra4+
Ke5 64.Ra5+ Kd4 65.Ra4+ Ke3 66.Ra3+ Kf2 67.Ra2 Kf3 68.Ra3+ e3 69.Nxe2 Rxe2
70.Kxf5 Rxg6 71.Kxg6 Rb2

[Event "2 Bundesliga West 2007/2008"]
[Site "Salzburg"]
[Date "2007.10.07"]
[Round "2"]
[Board "4"]
[White "Grundherr, Martin"]
[Black "Doskocil, Klaus"]
[Result "1/2-1/2"]
[WhiteElo "2282"]
[BlackElo "2202"]
[PlyCount "54"]
[EventDate "2007.10.06"]
[EventType "team"]
[EventRounds "11"]
[EventCountry "AUT"]
[WhiteTeam "WOergl"]
[BlackTeam "Lustenau"]

1.e4 g6 2.d4 Bg7 3.f4 c6 4.Nf3 d5 5.e5 Nh6 6.Be2 O-O 7.O-O b6 8.b3 Na6 9.Kh1 Nc7
10.Be3 f6 11.c4 Kh8 12.Nc3 Ba6 13.Rc1 Qd7 14.Rc2 Rfd8 15.cxd5 Bxe2 16.Qxe2 Nxd5
17.Nxd5 cxd5 18.Rfc1 Rac8 19.Bd2 Rxc2 20.Rxc2 Rc8 21.Bb4 Rxc2 22.Qxc2 Nf5 23.a4
h5 24.Kg1 Kh7 25.Kf2 Kg8 26.Ke2 Kf7 27.Bd2 Ke8

[Event "2 Bundesliga West 2007/2008"]
[Site "Salzburg"]
[Date "2007.10.07"]
[Round "2"]
[Board "5"]
[White "Maier, Peter"]
[Black "Bertagnolli, Alexander"]
[Result "1/2-1/2"]
[WhiteElo "2159"]
[BlackElo "2319"]
[PlyCount "106"]
[EventDate "2007.10.06"]
[EventType "team"]
[EventRounds "11"]
[EventCountry "AUT"]
[WhiteTeam "Lustenau"]
[BlackTeam "WOergl"]

1.b3 e5 2.Bb2 Nc6 3.e3 d6 4.c4 Be6 5.Nc3 f5 6.d4 Bf7 7.d5 Nce7 8.Be2 Nf6 9.Nf3
h6 10.Qc2 g5 11.Nd2 c6 12.dxc6 bxc6 13.e4 Bg7 14.exf5 d5 15.Na4 e4 16.cxd5 cxd5
17.Bb5+ Kf8 18.Nc5 Nxf5 19.O-O Kg8 20.Rfd1 Qc7 21.Rac1 Ng4 22.Nf1 Ne5 23.Qe2 Qe7
24.Nxe4 a6 25.Bxe5 Qxe5 26.Bc6 Rc8 27.Bxd5 Re8 28.Bxf7+ Kxf7 29.Qc4+ Qe6 30.Rd7+
Kg6 31.Qxe6+ Rxe6 32.Neg3 Nd4 33.Rd1 Nb5 34.a4 Nc3 35.R1d3 Rc8 36.h3 Bf8 37.Ne3
Na2 38.Rd8 Rc1+ 39.Rd1 Bc5 40.Rxc1 Nxc1 41.Rb8 Bxe3 42.fxe3 h5 43.a5 Rxe3
44.Rb6+ Kf7 45.Nxh5 Nxb3 46.Rxa6 Re1+ 47.Kf2 Ra1 48.Ra7+ Kg6 49.g4 Rxa5 50.Rxa5
Nxa5 51.Kg3 Nc4 52.h4 Ne5 53.hxg5 Kxg5

[Event "2 Bundesliga West 2007/2008"]
[Site "Salzburg"]
[Date "2007.10.07"]
[Round "2"]
[Board "1"]
[White "Prusikin, Michael"]
[Black "Novkovic, Milan"]
[Result "1/2-1/2"]
[WhiteElo "2552"]
[BlackElo "2413"]
[PlyCount "69"]
[EventDate "2007.10.06"]
[EventType "team"]
[EventRounds "11"]
[EventCountry "AUT"]
[WhiteTeam "Wuestenrot Inter Sbg Sued"]
[BlackTeam "Hohenems II"]

1.d4 d5 2.c4 c6 3.Nf3 e6 4.e3 Nf6 5.Bd3 Nbd7 6.O-O b6 7.b3 Bb7 8.Bb2 Be7 9.Nbd2
O-O 10.Ne5 Nxe5 11.dxe5 Nd7 12.Qh5 g6 13.Qh3 Nc5 14.Bc2 f5 15.Rfd1 Qe8 16.cxd5
exd5 17.Nf3 Ne6 18.Nd4 Bc8 19.g4 c5 20.Nxe6 Bxe6 21.Rd2 Qf7 22.Qg3 b5 23.Bd1 c4
24.Bd4 Rfc8 25.Bf3 a5 26.bxc4 dxc4 27.Bxa8 Rxa8 28.Bb6 c3 29.Rd3 b4 30.Qf3 Qe8
31.Qb7 a4 32.a3 Rb8 33.Qa7 Ra8 34.Qb7 Rb8 35.Qa7

[Event "2 Bundesliga West 2007/2008"]
[Site "Salzburg"]
[Date "2007.10.07"]
[Round "2"]
[Board "2"]
[White "GAertner, Guntram"]
[Black "Pitl, Gregory"]
[Result "1/2-1/2"]
[WhiteElo "2328"]
[BlackElo "2405"]
[PlyCount "36"]
[EventDate "2007.10.06"]
[EventType "team"]
[EventRounds "11"]
[EventCountry "AUT"]
[WhiteTeam "Hohenems II"]
[BlackTeam "Wuestenrot Inter Sbg Sued"]

1.d4 Nf6 2.c4 e6 3.Nc3 Bb4 4.Bg5 h6 5.Bh4 b6 6.f3 c5 7.d5 exd5 8.cxd5 Ba6 9.e4
Bxf1 10.Kxf1 d6 11.Nb5 Kf8 12.Bxf6 gxf6 13.Ne2 a6 14.Nbc3 Nd7 15.Ng3 c4 16.Nf5
Ne5 17.g3 b5 18.Kg2 Rc8

[Event "2 Bundesliga West 2007/2008"]
[Site "Salzburg"]
[Date "2007.10.07"]
[Round "2"]
[Board "3"]
[White "Pitschka, Klaus"]
[Black "Atlas, Dimitry"]
[Result "1/2-1/2"]
[WhiteElo "2320"]
[BlackElo "2299"]
[PlyCount "83"]
[EventDate "2007.10.06"]
[EventType "team"]
[EventRounds "11"]
[EventCountry "AUT"]
[WhiteTeam "Wuestenrot Inter Sbg Sued"]
[BlackTeam "Hohenems II"]

1.d4 d5 2.c4 c6 3.cxd5 cxd5 4.Nc3 Nc6 5.e4 e6 6.exd5 exd5 7.Nge2 Nf6 8.Bg5 Be7
9.g3 h6 10.Bxf6 Bxf6 11.Bg2 Be6 12.O-O O-O 13.Qd2 Qd7 14.Rfd1 Rac8 15.Nf4 Bxd4
16.Ncxd5 Rcd8 17.Nxe6 Qxe6 18.Nf4 Qf6 19.Rab1 Rfe8 20.Qc2 Rd6 21.Rd2 Red8 22.Re1
g5 23.Nh5 Qg6 24.g4 Qxc2 25.Rxc2 Ne5 26.Rce2 Re6 27.h3 Nd3 28.Rxe6 fxe6 29.Rxe6
Nxf2 30.Kf1 Nd3 31.Bxb7 Nc5 32.Re7 Rf8+ 33.Ke1 Rf2 34.Bd5+ Kf8 35.Re2 Rxe2+
36.Kxe2 Bxb2 37.Ng3 Nd7 38.Nf5 Nf6 39.Bf3 Ng8 40.Kd3 Ne7 41.Nxh6 Kg7 42.Nf5+

[Event "2 Bundesliga West 2007/2008"]
[Site "Salzburg"]
[Date "2007.10.07"]
[Round "2"]
[Board "4"]
[White "Burschowsky, Matthias"]
[Black "Marchhart, Matthias"]
[Result "0-1"]
[WhiteElo "2208"]
[BlackElo "2163"]
[PlyCount "62"]
[EventDate "2007.10.06"]
[EventType "team"]
[EventRounds "11"]
[EventCountry "AUT"]
[WhiteTeam "Hohenems II"]
[BlackTeam "Wuestenrot Inter Sbg Sued"]

1.Nf3 Nf6 2.g3 d5 3.Bg2 g6 4.O-O Bg7 5.c4 O-O 6.Na3 b6 7.cxd5 Bb7 8.d3 Nxd5
9.Nc4 Nc6 10.Rb1 e5 11.Bd2 a5 12.a3 Qd7 13.e4 Nde7 14.Bc3 f6 15.Qb3 Kh8 16.d4 a4
17.Qd1 Ba6 18.b3 axb3 19.Qxb3 exd4 20.Bb4 Ne5 21.Bxe7 Qxe7 22.Nfd2 Nxc4 23.Nxc4
Bxc4 24.Qxc4 Rxa3 25.Rfc1 d3 26.Qxc7 Qxc7 27.Rxc7 Rd8 28.Bf3 d2 29.Kg2 Bf8
30.Bd1 Bc5 31.Rf7 Rc3

[Event "2 Bundesliga West 2007/2008"]
[Site "Salzburg"]
[Date "2007.10.07"]
[Round "2"]
[Board "5"]
[White "Durakovic, Alman"]
[Black "Baldauf, Marco"]
[Result "0-1"]
[WhiteElo "2158"]
[BlackElo "2236"]
[PlyCount "100"]
[EventDate "2007.10.06"]
[EventType "team"]
[EventRounds "11"]
[EventCountry "AUT"]
[WhiteTeam "Wuestenrot Inter Sbg Sued"]
[BlackTeam "Hohenems II"]

1.d4 Nf6 2.c4 c5 3.d5 e6 4.Nc3 exd5 5.cxd5 d6 6.e4 g6 7.Nf3 Bg7 8.h3 O-O 9.Bd3
Re8 10.O-O Nh5 11.Bg5 Bf6 12.Be3 Nd7 13.Nd2 Bd4 14.Bxd4 cxd4 15.Ne2 Nc5 16.Qc2
Bd7 17.b4 Na4 18.Nb3 Rc8 19.Qd2 Nc3 20.g4 Ng7 21.Ng3 Qb6 22.f4 f6 23.a3 Ba4
24.Na5 Bb5 25.Rae1 Re7 26.h4 Rce8 27.Bxb5 Nxb5 28.Qd3 Rc8 29.Rc1 Rc3 30.Rxc3
dxc3+ 31.Kg2 Nxa3 32.Qxc3 Nb5 33.Qxf6 Rf7 34.Qb2 Qe3 35.Qe2 Qb6 36.Nc4 Qd4
37.Nd2 Nc3 38.Qe1 Qxb4 39.Nb1 Rc7 40.Nxc3 Rxc3 41.Qf2 Qb3 42.Re1 a5 43.Re2 a4
44.Rd2 a3 45.Nf1 Qa4 46.Re2 h5 47.g5 a2 48.Rxa2 Qxe4+ 49.Kg1 Rh3 50.Ng3 Rxg3+

[Event "2 Bundesliga West 2007/2008"]
[Site "Salzburg"]
[Date "2007.10.07"]
[Round "2"]
[Board "6"]
[White "Sandholzer, Robert"]
[Black "Endthaler, Arnold"]
[Result "1/2-1/2"]
[WhiteElo "2108"]
[BlackElo "2078"]
[PlyCount "63"]
[EventDate "2007.10.06"]
[EventType "team"]
[EventRounds "11"]
[EventCountry "AUT"]
[WhiteTeam "Hohenems II"]
[BlackTeam "Wuestenrot Inter Sbg Sued"]

1.e4 c5 2.Nf3 d6 3.Bb5+ Bd7 4.Bxd7+ Qxd7 5.c4 Nc6 6.O-O g6 7.d4 cxd4 8.Nxd4 Bg7
9.Be3 Nf6 10.f3 O-O 11.Nc3 Rfd8 12.Qd2 Nxd4 13.Bxd4 Qc6 14.b3 e6 15.Rac1 b6
16.Rfd1 Rd7 17.Qg5 Ne8 18.Bxg7 Kxg7 19.Rd3 Rad8 20.Rcd1 Nf6 21.Kf1 Qc5 22.Qd2 h5
23.Ke2 h4 24.Qe3 Qh5 25.Kf1 Qc5 26.Kg1 Nh5 27.Qd4+ Nf6 28.Ne2 g5 29.g3 hxg3
30.hxg3 Kg6 31.Kf2 g4 32.Qxc5

[Event "2 Bundesliga West 2007/2008"]
[Site "Salzburg"]
[Date "2007.10.07"]
[Round "2"]
[Board "1"]
[White "Navratil, Robert"]
[Black "Anistratov, Dmitrij"]
[Result "0-1"]
[WhiteElo "2141"]
[BlackElo "2376"]
[PlyCount "104"]
[EventDate "2007.10.06"]
[EventType "team"]
[EventRounds "11"]
[EventCountry "AUT"]
[WhiteTeam "ASK Salzburg"]
[BlackTeam "Dornbirn"]

1.e4 d6 2.Nc3 Nf6 3.f4 g6 4.Nf3 Bg7 5.Bc4 c6 6.Bb3 O-O 7.O-O d5 8.e5 Ne8 9.Qe1
Nc7 10.d3 Nba6 11.f5 Bxf5 12.Qh4 f6 13.Bh6 g5 14.Nxg5 Bxh6 15.Qxh6 fxg5 16.Qxg5+
Bg6 17.h4 Ne6 18.Qg4 Ng7 19.Ne4 Qb6+ 20.Kh1 Qc7 21.Qg5 Rxf1+ 22.Rxf1 Rf8
23.Rxf8+ Kxf8 24.Ng3 Bf7 25.d4 Qd7 26.h5 h6 27.Qf4 Qe6 28.c3 Kg8 29.Bd1 Be8
30.Bg4 Qf7 31.Qxh6 Nc7 32.Qg5 Kh8 33.h6 Nge6 34.Qh4 Nf4 35.Nf5 Ng6 36.Qg5 Ne6
37.Qe3 Nef8 38.Ng3 Ne6 39.Nf5 Nef8 40.Ng7 e6 41.Kg1 Qe7 42.g3 Bf7 43.Kg2 Nh7
44.Nh5 Ngf8 45.Ng7 Bg6 46.Qf4 Ng5 47.Bh5 Be4+ 48.Kh2 Ng6 49.Bxg6 Bxg6 50.g4 Kh7
51.Kg3 Kxh6 52.Kh4 Kxg7

[Event "2 Bundesliga West 2007/2008"]
[Site "Salzburg"]
[Date "2007.10.07"]
[Round "2"]
[Board "2"]
[White "Klocker, Benedikt"]
[Black "Teufl, Siegfried"]
[Result "0-1"]
[WhiteElo "2149"]
[BlackElo "2207"]
[PlyCount "44"]
[EventDate "2007.10.06"]
[EventType "team"]
[EventRounds "11"]
[EventCountry "AUT"]
[WhiteTeam "Dornbirn"]
[BlackTeam "ASK Salzburg"]

1.e4 e5 2.Nf3 Nc6 3.d4 exd4 4.Nxd4 Bc5 5.Be3 Qf6 6.c3 Nge7 7.Bc4 O-O 8.O-O Bb6
9.f4 d6 10.Kh1 Nxd4 11.cxd4 d5 12.e5 Qh4 13.g3 Qh3 14.Be2 Nf5 15.Rf3 Nxe3
16.Rxe3 c5 17.dxc5 Bxc5 18.Rc3 Bb6 19.Qxd5 Bg4 20.Qe4 Rad8 21.Na3 Rd2 22.Rc2 Bf5

[Event "2 Bundesliga West 2007/2008"]
[Site "Salzburg"]
[Date "2007.10.07"]
[Round "2"]
[Board "3"]
[White "Juergens, Klaus"]
[Black "Novkovic, Julia"]
[Result "1-0"]
[WhiteElo "2181"]
[BlackElo "2131"]
[PlyCount "35"]
[EventDate "2007.10.06"]
[EventType "team"]
[EventRounds "11"]
[EventCountry "AUT"]
[WhiteTeam "ASK Salzburg"]
[BlackTeam "Dornbirn"]

1.Nf3 g6 2.c4 Bg7 3.e4 e5 4.d4 exd4 5.Nxd4 Nc6 6.Nxc6 bxc6 7.Be2 d6 8.O-O c5
9.Nc3 Ne7 10.Bg5 f6 11.Bh4 Nc6 12.f4 Qd7 13.Bf3 Rb8 14.e5 fxe5 15.Bd5 Nb4
16.fxe5 Nxd5 17.Nxd5 Bxe5 18.Qe2